Světová banka bilancuje

Analýza doterajšej činnosti Svetovej banky a jej výsledky. 4 organizácie tvoriace Svetovú banku (World Bank). 1. International Bank for Reconstruction and Development (IBRD). 2. International Development Association (IDA). 3. International Finance Corporation (IFC). 4. Multilateral Investment Guaran...

Descrizione completa

Salvato in:
Dettagli Bibliografici
Autore principale: Urban, P.A
Natura: Capitolo di libro
Lingua:ceco
Soggetti:
Tags: Aggiungi Tag
Nessun Tag, puoi essere il primo ad aggiungerne!!

MARC

LEADER 00000naa a2200000 4500
001 r015657
005 20221213082102.5
041 0 |a cze 
044 |a CZ 
245 1 0 |a Světová banka bilancuje  |c P.A. Urban 
520 |a Analýza doterajšej činnosti Svetovej banky a jej výsledky. 4 organizácie tvoriace Svetovú banku (World Bank). 1. International Bank for Reconstruction and Development (IBRD). 2. International Development Association (IDA). 3. International Finance Corporation (IFC). 4. Multilateral Investment Guarantee Agency (MIGA). História a charakteristika týchto organizácií. 
610 2 0 |a Svetová banka 
610 2 0 |a IBRD 
610 2 0 |a IDA 
610 2 0 |a IFC 
610 2 0 |a MIGA 
100 1 |a Urban, P.A.